Luchas sociales en la Argentina actual: 1993-2001 /

Producto de la crisis económica/ financiera y conflictos políticos y sociales vividos en Argentina en el 2001, se desencadena una insurrección que integra luchas de diferentes clases y fracciones de clase; una lucha social que inicia en el año 1993, pero que no es hasta el 2001 que se manifiesta con...

Cijeli opis

Spremljeno u:
Bibliografski detalji
Glavni autor: Iñigo, Nicolás
Daljnji autori: Cotarelo, María Celia
Format: Tekst
Teme:
Oznake: Dodaj oznaku
Bez oznaka, Budi prvi tko označuje ovaj zapis!

MARC

LEADER 00000 a a2200000 04500
001 1829
003
040
100 |a Iñigo, Nicolás  
245 |a Luchas sociales en la Argentina actual: 1993-2001 /  |c Nicolás Iñigo  
520 |a Producto de la crisis económica/ financiera y conflictos políticos y sociales vividos en Argentina en el 2001, se desencadena una insurrección que integra luchas de diferentes clases y fracciones de clase; una lucha social que inicia en el año 1993, pero que no es hasta el 2001 que se manifiesta con más fuerza abarcando diversas formas de manifestación popular.  
590 |a SJB/AGOSTO2010  
650 |a LUCHA DE CLASE  
650 |a MOVILIZACION SOCIAL  
650 |a CONFLICTOS SOCIALES  
650 |a HUELGAS  
650 |a ARGENTINA  
700 |a Cotarelo, María Celia  
773 |g volumen 2, número 5; páginas 95-108  
999 |c 21285  |d 21285